01368 2200205 4500001002100000005001500021035002000036008004100056245003700097100001800134250000600152260003800158300001200196084001400208082000800222650001000230520089800240990001201138990001201150INLIS00000000000098420240529075003 a0010-0524000219240529 1 ind 1 aParadise Romance /cDita Safitri aSafitri, Dita a1 aYogyakarta :bSheila/ Andi,c2014 a186 hlm a813 DIT p a813 4aFiksi aSeorang soul keeper bernama Ken mendadak dijatuhkan dari langit. Ken yang tidak mengingat apa-apa ini pun akhirnya bertemu dengan Hanna. Satu-satunya manusia yang bisa melihatnya dalam keadaan bersayap. Karena beberapa hal, Ken akhirnya menumpang tinggal di rumah Hanna dan beraktifitas layaknya manusia bersama Hanna. Ken bahkan bekerja di Paradise, kafe milik Park Shin, pria yang nantinya akan disukai Choi Hanna. Sampai suatu ketika, Ken yang mulai memiliki perasaan khusus pada Choi Hanna menemukan siapa dirinya yang sebenarnya. Kamu pasti penasarankan? Dengan mengusung genre fantasi romantik, kisah ini sama sekali sangat baru. Menceritakan bagaimana seseorang bisa berkorban apa saja untuk orang yang mereka cintai, bahkan nyawa sekalipun. Yang menarik dari kisah ini adalah endingnya yang tak terduga dengan cerita sarat akan pesan-pesan moral dan menarik untuk dibaca kalangan muda. a0741722 a0741723